Détails MARC
| 000 -LEADER |
| fixed length control field |
03786cam a2200469 i 4500 |
| 001 - CONTROL NUMBER |
| control field |
sqtd4608431 |
| 003 - CONTROL NUMBER IDENTIFIER |
| control field |
SQTD |
| 005 - DATE AND TIME OF LATEST TRANSACTION |
| control field |
20260410020004.0 |
| 007 - PHYSICAL DESCRIPTION FIXED FIELD--GENERAL INFORMATION |
| fixed length control field |
ta |
| 008 - FIXED-LENGTH DATA ELEMENTS--GENERAL INFORMATION |
| fixed length control field |
260408s2022 fr |||| 6 000|1 fre |
| 020 ## - INTERNATIONAL STANDARD BOOK NUMBER |
| International Standard Book Number |
9791032724507 |
| Qualifying information |
(broché) |
| 024 3# - OTHER STANDARD IDENTIFIER |
| Standard number or code |
9791032724507 |
| Qualifying information |
(jaquette) |
| 035 ## - SYSTEM CONTROL NUMBER |
| System control number |
(BTLF)8554489 |
| 035 ## - SYSTEM CONTROL NUMBER |
| System control number |
(SQTD)4608431 |
| 035 ## - SYSTEM CONTROL NUMBER |
| System control number |
(SDM)C225807 |
| 040 ## - CATALOGING SOURCE |
| Original cataloging agency |
SDM |
| Language of cataloging |
fre |
| Description conventions |
rda |
| Modifying agency |
SQTD |
| Transcribing agency |
CDM |
| 041 1# - LANGUAGE CODE |
| Language code of text/sound track or separate title |
fre |
| Language code of original and/or intermediate translations of text |
jpn |
| 082 ## - DEWEY DECIMAL CLASSIFICATION NUMBER |
| Classification number |
BD CAR |
| Edition number |
23 |
| 100 0# - MAIN ENTRY--PERSONAL NAME |
| Personal name |
Nekokurage |
| Relator term |
artiste. |
| 245 14 - TITLE STATEMENT |
| Title |
Les carnets de l'apothicaire. |
| Number of part/section of a work |
16 / |
| Statement of responsibility, etc |
d'après l'oeuvre originale de Natsu Hyuuga ; dessin, Nekokurage ; scénario, Itsuki Nanao ; design des personnages, Touco Shino ; traduction, Géraldine Oudin. |
| 300 ## - PHYSICAL DESCRIPTION |
| Extent |
160 pages : |
| Other physical details |
principalement des illustrations (certaines en couleur) ; |
| Dimensions |
18 cm + |
| Accompanying material |
1 livret découverte (27 pages ; 18 cm) |
| 490 1# - SERIES STATEMENT |
| Series statement |
Ki-oon seinen |
| 500 ## - GENERAL NOTE |
| General note |
D'après le light novel de Natsu Hyuuga. |
| 500 ## - GENERAL NOTE |
| General note |
Livret: Les carnets de l'apothicaire / Natsu Hyuuga. |
| 520 8# - SUMMARY, ETC. |
| Summary, etc |
Mao Mao est une apprentie apothicaire plutôt douée du quartier des plaisirs entourant la cité impériale lorsqu'elle est enlevée dans la forêt. Ignorant si on l'a vendue ou échangée contre une autre jeune fille, la voilà lingère à la cour intérieure, qui est uniquement peuplée de concubines dont la seule mission est de donner des héritiers à l'empereur. Si certaines servantes parviennent à s'élever au rang de ces dernières, Mao sait qu'avec sa maigreur et ses taches de rousseur, elle peut s'éviter un tel sort. Elle tâche de plus de passer inaperçue, ce qui nécessite de cacher ses talents pour les plantes médicinales et sa capacité à lire, alors que les employées issues de milieux modestes sont normalement analphabètes. Cependant, lorsque des nouveau-nés meurent de façon mystérieuse, l'adolescente met en garde certaines jeunes mamans, ce qui attire l'attention du haut fonctionnaire Jinshi sur elle. Estimant qu'elle peut protéger les concubines, celui-ci la promeut au rôle de goûteuse de la cour intérieure. [SDM] |
| 520 1# - SUMMARY, ETC. |
| Summary, etc |
Adaptée d'un roman, cette série en manga se déroule exclusivement en lieu clos, ce qui brouille les repères temporels et les attaches avec la réalité, mais qui déploie également un univers intéressant, particulièrement puisqu'un tueur s'infiltre entre ces murs. Mao doit ainsi à la fois mettre ses talents médicaux à profit pour empêcher ce dernier d'agir, tout en épaulant Jinshi, un eunuque extatique, qui semble néanmoins avoir des secrets bien à lui. Si le contexte de harem attribue un rôle peu reluisant aux femmes, qui sont souvent exposées dénudées pour mettre leurs courbes en valeur, l'héroïne est quant à elle intelligente, passionnée et déterminée, même si on la dépeint aussi comme une adolescente ingénue. Les dessins retouchés à l'ordinateur occupent de leur côté des cases plutôt grandes pour garantir une lecture confortable. Un livret contenant un extrait d'une vingtaine de pages de la version romancée, publié chez Lumen, est attaché à la présente édition. [SDM] |
| 521 ## - TARGET AUDIENCE NOTE |
| Target audience note |
J++ 4. |
| 650 #6 - SUBJECT ADDED ENTRY--TOPICAL TERM |
| Topical term or geographic name as entry element |
Employées de maison |
| Form subdivision |
Bandes dessinées. |
| 650 #6 - SUBJECT ADDED ENTRY--TOPICAL TERM |
| Topical term or geographic name as entry element |
Pharmaciennes |
| Form subdivision |
Bandes dessinées. |
| 650 #6 - SUBJECT ADDED ENTRY--TOPICAL TERM |
| Topical term or geographic name as entry element |
Cours et courtisans |
| Form subdivision |
Bandes dessinées. |
| 650 #6 - SUBJECT ADDED ENTRY--TOPICAL TERM |
| Topical term or geographic name as entry element |
Meurtre |
| Form subdivision |
Bandes dessinées. |
| 650 #6 - SUBJECT ADDED ENTRY--TOPICAL TERM |
| Topical term or geographic name as entry element |
Enquêtes |
| Form subdivision |
Bandes dessinées. |
| 655 #7 - INDEX TERM--GENRE/FORM |
| Genre/form data or focus term |
Bandes dessinées à suspense. |
| Source of term |
rvmgf |
| 655 #7 - INDEX TERM--GENRE/FORM |
| Genre/form data or focus term |
Bandes dessinées historiques. |
| Source of term |
rvmgf |
| 655 #7 - INDEX TERM--GENRE/FORM |
| Genre/form data or focus term |
Mangas. |
| Source of term |
rvmgf |
| 655 #7 - INDEX TERM--GENRE/FORM |
| Genre/form data or focus term |
Adaptations en bandes dessinées. |
| Source of term |
rvmgf |
| 700 1# - ADDED ENTRY--PERSONAL NAME |
| Personal name |
Nanao, Itsuki |
| Relator term |
auteur. |
| 700 1# - ADDED ENTRY--PERSONAL NAME |
| Personal name |
Shino, Tōko |
| Relator term |
artiste. |
| 700 1# - ADDED ENTRY--PERSONAL NAME |
| Personal name |
Hyūga, Natsu |
| 830 #0 - SERIES ADDED ENTRY--UNIFORM TITLE |
| Uniform title |
Seinen (Ki-oon (Firme)) |
| 942 ## - ADDED ENTRY ELEMENTS (KOHA) |
| Source of classification or shelving scheme |
Dewey Decimal Classification |
| Koha item type |
Livre |
| Koha issues (borrowed), all copies |
24 |